<?xml version="1.0" encoding="UTF-8"?><?xml-stylesheet type="text/xsl" href="static/style.xsl"?><OAI-PMH xmlns="http://www.openarchives.org/OAI/2.0/" xmlns:xsi="http://www.w3.org/2001/XMLSchema-instance" xsi:schemaLocation="http://www.openarchives.org/OAI/2.0/ http://www.openarchives.org/OAI/2.0/OAI-PMH.xsd"><responseDate>2026-04-27T12:49:15Z</responseDate><request verb="GetRecord" identifier="oai:uvadoc.uva.es:10324/7322" metadataPrefix="marc">https://uvadoc.uva.es/oai/request</request><GetRecord><record><header><identifier>oai:uvadoc.uva.es:10324/7322</identifier><datestamp>2021-06-29T10:06:24Z</datestamp><setSpec>com_10324_38</setSpec><setSpec>col_10324_852</setSpec></header><metadata><record xmlns="http://www.loc.gov/MARC21/slim" xmlns:doc="http://www.lyncode.com/xoai" xmlns:xsi="http://www.w3.org/2001/XMLSchema-instance" xmlns:dcterms="http://purl.org/dc/terms/" xsi:schemaLocation="http://www.loc.gov/MARC21/slim http://www.loc.gov/standards/marcxml/schema/MARC21slim.xsd">
<leader>00925njm 22002777a 4500</leader>
<datafield tag="042" ind1=" " ind2=" ">
<subfield code="a">dc</subfield>
</datafield>
<datafield tag="720" ind1=" " ind2=" ">
<subfield code="a">Santos García, Raquel</subfield>
<subfield code="e">author</subfield>
</datafield>
<datafield tag="260" ind1=" " ind2=" ">
<subfield code="c">2014</subfield>
</datafield>
<datafield tag="520" ind1=" " ind2=" ">
<subfield code="a">En este proyecto fin de grado se aborda el tema del absentismo escolar, concretamente en Castilla y León, como precedente hacia el abandono educativo temprano. Desde la perspectiva de educación social se buscan los distintos factores que influyen en la conducta absentista del alumno. Para paliar esta problemática se propone un proyecto de intervención con alumnos pertenecientes a familias de riesgo que en un futuro pueden presentar absentismo y con alumnos ya absentistas. De este modo, mediante el proyecto de intervención se pretende incentivar su asistencia a clase y reducir, a largo plazo, su absentismo escolar.</subfield>
</datafield>
<datafield tag="024" ind2=" " ind1="8">
<subfield code="a">http://uvadoc.uva.es/handle/10324/7322</subfield>
</datafield>
<datafield ind1=" " ind2=" " tag="653">
<subfield code="a">Absentismo escolar</subfield>
</datafield>
<datafield tag="245" ind1="0" ind2="0">
<subfield code="a">El absentismo escolar en Castilla y León</subfield>
</datafield>
</record></metadata></record></GetRecord></OAI-PMH>